Prénoms commençant par la lettre "E" - Statistiques

Statistiques générales
  • Ce quiz a été pris 218 fois
  • Le résultat moyen est 9 sur 25
Statistiques - réponses
Indice Prénom % Correct
Beethoven lui a composé une lettre Elise
82%
reine Elisabeth
74%
elle présente la météo sur TF1 Evelyne
68%
avec Images Emile
65%
Elle est jolie dans le conte musical de Philippe Chatel Emilie
64%
le jardin Eden
63%
Madame Bovary Emma
62%
Quasimodo Esmeralda
49%
Il a peint "le déjeuner sur l'herbe" Edouard
44%
Madame Sarfati Elie
36%
Sylvia Kristel Emmanuelle
33%
Claude Moine Eddy
32%
avec Marcel Edith
26%
fleur Eglantine
26%
Pen Duick Eric
26%
42100 Etienne
25%
Labiche Eugène
24%
chanson de Michel Sardou - "mélodie pour ------ Elodie
23%
romancier américain, prix Nobel de littérature 1954 Ernest
13%
chanson de Barry Ryan Eloise
11%
fille du couple Thénardier Eponine
11%
pièce de théâtre de Racine Esther
11%
tempête de 2019 Elsa
9%
réseau interurbain du département du Gard Edgard
4%
film réalisé en 2005 par Caroline Huppert avec Florence Pernel, Olivier Marchal Eliane
3%
Aucun quiz correspondant
Distribution des résultats
% des personnes avec chaque résultat
Percentile par nombre de réponses
Votre historique - résultats
Vous n’avez pas pris ce quiz